Tìm hiểu các văn bản về pháp luật chống tham nhũng

Các chỉ thị, công văn, quyết định của chính phủ về công tác thanh tra, điều tra, xử lý các việc tham nhũng, buôn lậu và một số tội phạm kinh tế khác.

Na minha lista:
Detalhes bibliográficos
Autor principal: Nguyễn, Ngọc Điệp
Formato: Livro
Idioma:Undetermined
Publicado em: Hà Nội Công an Nhân dân 2000
Assuntos:
Tags: Adicionar Tag
Sem tags, seja o primeiro a adicionar uma tag!
Thư viện lưu trữ: Trung tâm Học liệu Trường Đại học Cần Thơ
LEADER 00907nam a2200217Ia 4500
001 CTU_38368
008 210402s9999 xx 000 0 und d
020 |c 21000 
082 |a 345.0265 
082 |b Đ307 
100 |a Nguyễn, Ngọc Điệp 
245 0 |a Tìm hiểu các văn bản về pháp luật chống tham nhũng 
245 0 |c Nguyễn Ngọc Điệp 
260 |a Hà Nội 
260 |b Công an Nhân dân 
260 |c 2000 
520 |a Các chỉ thị, công văn, quyết định của chính phủ về công tác thanh tra, điều tra, xử lý các việc tham nhũng, buôn lậu và một số tội phạm kinh tế khác. 
650 |a Criminal law,Criminal procedure,Extortion,Offenses against property 
650 |z Vietnam 
904 |i Minh, 001013 
980 |a Trung tâm Học liệu Trường Đại học Cần Thơ